000 00701nam a22002297a 4500
005 20170124110110.0
010 _a510659
020 _c00.00
_a709100000
035 _a510659
037 _bCen Lib/Ret
040 _aDPL
_bEN
082 _a921
_bEIS
100 _aEisenhower, Dwight D.
_928971
245 _aAt ease :
_cby Dwight D. Eisenhower
_bstories I tell to friends /
260 _aLondon
_bRobert Hale
_c1968
270 _bLondon
300 _a400p. :
_c21cm(Hb)
_bill.
500 _aIncludes index
650 _aEisenhower, Dwight D. -- (Dwight David), -- 1890-1969
_928972
650 _aPresidents -- United States -- Biography
_928973
942 _2ddc
_cEN
_h921
_mEIS
999 _c130348
_d130348